000 00423pab a2200181 454500
008 180718b2010 xxu||||| |||| 00| 0 eng d
100 _aVerma, Vinod Kumar
245 _aClimate change and its impact on fisheries
260 _c2010
300 _ap.42-44.
362 _aMar
650 _aFisheries
650 _aClimatic change
700 _aSaxena, Amita
773 _aKurukshetra
908 _aN
909 _a85853
999 _c85853
_d85853